|
|
|
|
| LEADER |
00000nam0a2200000 4500 |
| 001 |
224695 |
| 005 |
20231101230617.0 |
| 010 |
|
|
|a 9785819905340
|
| 010 |
|
|
|a 978-5-16-006279-2
|
| 035 |
|
|
|a (RuTPU)RU\TPU\book\245014
|
| 090 |
|
|
|a 224695
|
| 100 |
|
|
|a 20121030d2013 m y0rusy50 ca
|
| 101 |
0 |
|
|a rus
|
| 102 |
|
|
|a RU
|
| 105 |
|
|
|a a j 000zy
|
| 200 |
1 |
|
|a Основы банковского дела
|e учебное пособие для вузов
|f Н. В. Горелая, А. М. Карминский
|
| 210 |
|
|
|a Москва
|c Инфра-М
|c Форум
|d 2013
|
| 215 |
|
|
|a 271 с.
|c ил.
|
| 225 |
1 |
|
|a Высшее образование
|
| 330 |
|
|
|a В учебном пособии рассмотрены базовые аспекты функционирования финансовой и банковской систем, организации и функционирования банковских учреждений в условиях рыночного хозяйства, возможности их оценивания и моделирования. Проанализировано использование новых технологий в работе банков как финансового посредничества, особенности использования банковских продуктов и услуг, организации управления деятельностью кредитными организациями. Для студентов бакалавриата и магистратуры широкого круга специальностей, втом числе неэкономических, потенциально связанных с формированием и сопровождением банковских бизнес-процессов, включая прикладную математику и бизнес-информатику. Может быть использовано как введение в дисциплину.
|
| 606 |
1 |
|
|a Банковское дело
|2 stltpush
|3 (RuTPU)RU\TPU\subj\69888
|9 84550
|
| 610 |
1 |
|
|a банки
|
| 610 |
1 |
|
|a банковская система
|
| 610 |
1 |
|
|a банковские операции
|
| 610 |
1 |
|
|a кредитно-денежная политика
|
| 610 |
1 |
|
|a кредитная политика
|
| 610 |
1 |
|
|a банковские ссуды
|
| 610 |
1 |
|
|a пассивные операции
|
| 610 |
1 |
|
|a денежные расчеты
|
| 610 |
1 |
|
|a безналичные расчеты
|
| 610 |
1 |
|
|a банкинг
|
| 610 |
1 |
|
|a проектное финансирование
|
| 610 |
1 |
|
|a баланс
|
| 610 |
1 |
|
|a капитал
|
| 610 |
1 |
|
|a доходность
|
| 610 |
1 |
|
|a финансовая отчетность
|
| 610 |
1 |
|
|a финансовые риски
|
| 610 |
1 |
|
|a ликвидность
|
| 610 |
1 |
|
|a учебные пособия
|
| 686 |
|
|
|a У9(2)262.10я73
|v LBC/SL-A
|2 rubbk
|
| 700 |
|
1 |
|a Горелая
|b Н. В.
|g Наталия Васильевна
|
| 701 |
|
1 |
|a Карминский
|b А. М.
|g Александр Маркович
|
| 801 |
|
1 |
|a RU
|b 63413507
|c 20121030
|
| 801 |
|
2 |
|a RU
|b 63413507
|c 20150526
|g RCR
|
| 900 |
|
|
|a Банковское дело
|
| 942 |
|
|
|c BK
|
| 951 |
|
|
|b 080100
|
| 959 |
|
|
|a 140/20121029
|d 2
|e 229,90
|f ЧЗГЛ:1
|f АНЛ:1
|